| 000 | 00380nam a2200121Ia 4500 | ||
|---|---|---|---|
| 008 | 231228s1997 xx 000 0 und d | ||
| 041 | _aeng | ||
| 082 |
_a658.4`04 _bBUT |
||
| 100 | _aBUTTRICK (Robert) | ||
| 245 | _aThe Project Workout: A Toolkit for reaping the rewards from all your business projects | ||
| 260 |
_aLondon _bPitman Publication London _c1997 |
||
| 300 | _aXXII,407 | ||
| 999 |
_c1085959 _d1085959 |
||